00710 2200217 4500001002100000005001700021008004100038035002400079040001200103082001000115090001900125100001700144245007200161260009500233300004100328500003000369504002800399650003500427850001200462990001800474YOGYA-1112000000004520121106104737.0 ind  0010-111200000000045 aYOPDYOG a336.2 aSK 336.2 Ann P aANNA KUSRINI aPeranan pajak reklame terhadap pendapatan asli daerahcAnna Kusrini aYogyakartabSekolah Tinggi Ilmu Ekonomi Kerjasama Jurusan Ekonomi Studi Pembangunanc1998. aix, 96, [1] ] lbrbilus, Lampc29 cm aSkripsi STIE "Yogyakarta" aBibliografi : [ lbr.97] aPajak dan Perpajakan - Reklame aYOPDYOG a41783-PD/A.12